00385nam a2200133Ia 450000500170000000800410001702000150005808200130007310000180008624500420010426000620014630000150020850000280022320241010075324.0240331s9999 xx 000 0 und d a955957180X bROBa820 aRobinson, L.R 4aThe village at the mouth of the river aColombobEnglish Writer's Cooperative of Sri Lanka c1994 a138 p .,  aLe Roy Robinson Stories